Crop protechion, កិច្ចការពារដំណាំ (Record no. 9510)

000 -LEADER
fixed length control field 00276nam a22001097a 4500
040 ## - CATALOGING SOURCE
Transcribing agency SY
100 ## - MAIN ENTRY--AUTHOR NAME
Personal name NGIN CHHAY; ងិន​ឆាយ
245 ## - TITLE STATEMENT
Title Crop protechion, កិច្ចការពារដំណាំ
260 ## - PUBLICATION, DISTRIBUTION, ETC. (IMPRINT)
Place of publication RUA
Name of publisher NGI
Year of publication 1997
300 ## - PHYSICAL DESCRIPTION
Number of Pages 140p.
942 ## - ADDED ENTRY ELEMENTS (KOHA)
Koha item type សៀវភៅភាសាខ្មែរ

No items available.

មជ្ឈមណ្ឌលឯការនៃសាកលវិទ្យាល័យភូមិន្ទកសិកម្មចំការដូង

Powered by Koha